Statistics for Most Common First Names in the United States - N

Click here to take the quiz!

General Stats

  • This quiz has been taken 247 times
  • The average score is 10 of 20

Answer Stats

Hint Answer % Correct
108Nathan
85%
308Nick
79%
64Nicholas
72%
216Natalie
69%
12Nancy
69%
68Nicole
65%
266Nora
61%
94Norma
60%
113Norman
57%
206Nathaniel
57%
268Nina
54%
238Nellie
43%
234Neil
40%
274Naomi
36%
311Natasha
36%
251Nelson
34%
383Noel
34%
427Nicolas
27%
337Neal
26%
405Nichole
14%

Score Distribution

Percentile by Number Answered

Percent of People with Each Score

Your Score History

You have not taken this quiz